[Event "Biel"]
[Site "9 Interzonal"]
[Date "1976.08.06"]
[Round "19"]
[White "Castro Rojas, Oscar"]
[Black "Portisch, Lajos"]
[Result "0-1"]
[WhiteElo "2380"]
[BlackElo "2625"]
[Annotator "JvR"]
[PlyCount "56"]
[EventDate "1976.07.??"]
[EventType "swiss"]
[SourceDate "2013.10.27"]

{Tal plays a quick draw in the last round. So he has to wait for the other
results. Larsen and Hübner draw. Larsen wins the event and qualifies. Hübner
is out.} 1. e4 c5 2. Nf3 e6 3. c3 Nc6 4. d4 d5 5. exd5 exd5 6. Be2 Bd6 7. dxc5
Bxc5 8. b4 $5 {This novelty is better as it seems.} Be7 9. O-O Nf6 10. b5 Na5
11. Nbd2 O-O 12. c4 Bg4 13. Nd4 $2 {White blunders a pawn.} ({Correct is} 13.
Bb2 dxc4 14. Rc1 Rc8 15. Nxc4) 13... dxc4 $1 14. Bb2 Bb4 $1 15. a3 c3 16. axb4
cxb2 17. Ra4 {White has no proper defence.} Qxd4 18. Bxg4 Nc4 19. Nxc4 Qxc4 20.
Bf5 Rad8 21. Qf3 Nd5 22. Ra3 g6 23. Bb1 Rfe8 24. g3 Qc1 25. Kg2 Re1 26. Rxe1
Qxe1 27. Qe4 Qxe4+ 28. Bxe4 Nf6 {Portisch won the last three games and caught
up with Tal. Byrne and Smyslov could not break the resistance of their
opponents, but Petrosian won. The final standings became: Larsen (121/2),
Petrosian, Tal, Portisch (12), Smyslov, Byrne, Hübner (111/2), Andersson (101/
2), Smejkal, Csom and Geller (10), etc. So a playoff had to decide about the
second and third place. Petrosian and Portisch qualified, eventually.} 0-1

[Event "Biel"]
[Site "10"]
[Date "1977.07.19"]
[Round "2"]
[White "Miles, Anthony"]
[Black "Hernandez Onna, Roman"]
[Result "1-0"]
[WhiteElo "2555"]
[BlackElo "2435"]
[Annotator "JvR"]
[PlyCount "95"]
[EventDate "1977.07.??"]
[SourceDate "2013.10.27"]

{The tenth tournament was played in Biel from 18 vii until 5 viii 1977. The
event was named 'Internationales Schachfestival'. Sixteen men participated in
the grandmaster group.} 1. d4 Nf6 2. c4 e6 3. Nf3 c5 4. d5 exd5 5. cxd5 d6 6.
Nc3 g6 7. e4 Bg7 8. Bg5 h6 9. Bh4 g5 10. Bg3 Nh5 11. Bb5+ Kf8 12. e5 Nxg3 13.
fxg3 dxe5 14. O-O a6 15. Bd3 b5 16. Nd2 {
White has an ample compensation for the pawn.} c4 $2 (16... Ra7 17. Qh5 Kg8 {
was played in Shashin - Agzamov, Burevestnik 1977.}) 17. Qh5 $1 f6 ({Or} 17...
Ra7 18. Bg6 $1) 18. Bc2 $5 (18. Bg6 $1 Nc6 19. Nf3 Ne7 20. Nxe5 {wins quickly.}
) 18... Bd7 19. a4 Be8 20. Bg6 $1 Nd7 21. axb5 Bxg6 22. Qxg6 axb5 23. Rxa8 Qxa8
24. Nde4 $1 {White has a decisive attack.} Qe8 25. Qf5 $1 Qd8 26. Kh1 Kg8 $5
27. Nxb5 Nf8 28. Nbd6 h5 29. Nxc4 h4 30. g4 h3 31. Ne3 hxg2+ 32. Kxg2 Qb6 33.
Nxf6+ $1 Bxf6 34. Qxf6 Qxf6 35. Rxf6 Rh7 36. Rf5 Rb7 37. Rxg5+ Kf7 38. Nc4 Rb4
39. Nxe5+ Ke8 40. Rg8 Rxb2+ 41. Kg3 Rd2 42. Ng6 Kf7 43. Rxf8+ Kxg6 44. Rf5 Rd3+
45. Kf4 Rd4+ 46. Kf3 Rd3+ 47. Ke4 Rh3 48. d6 {Miles had just won the IBM
tournament in Amsterdam. He made a good start in Biel.} 1-0

[Event "Biel"]
[Site "10"]
[Date "1977.07.20"]
[Round "3"]
[White "Hernandez Onna, Roman"]
[Black "Robatsch, Karl"]
[Result "1-0"]
[WhiteElo "2435"]
[BlackElo "2435"]
[Annotator "JvR"]
[PlyCount "61"]
[EventDate "1977.07.??"]
[SourceDate "2013.10.27"]

1. c4 b6 2. Nc3 Bb7 3. d4 e6 4. a3 d5 5. cxd5 exd5 6. Nf3 Be7 7. Bf4 Nf6 8. e3
O-O 9. Bd3 c5 10. O-O Nbd7 11. Rc1 c4 $5 12. Bf5 $1 g6 13. Bh3 Nh5 $5 14. Bh6
$1 Re8 15. Qa4 $1 {The Cuban player takes the initiative.} Nb8 $5 ({
More active is} 15... Ndf6) 16. Rfe1 Bd6 $5 ({Preferable is} 16... Nc6) 17. g3
a6 18. Qc2 f5 $2 {Robatsch commits a tactical error.} ({Correct is} 18... Nd7)
19. Bxf5 $1 gxf5 20. Qxf5 Ng7 21. Bxg7 Kxg7 22. Ng5 $1 Qd7 23. Qxh7+ {
The defence is gone.} Kf8 24. Qg6 Re7 25. e4 $1 dxe4 26. Ncxe4 Bxe4 27. Rxe4
Rxe4 28. Nh7+ Ke7 29. Qxe4+ Kd8 30. Qxa8 Qxh7 31. Qd5 {
Hernandez attacked elegantly.} 1-0

[Event "Biel"]
[Site "10"]
[Date "1977.07.20"]
[Round "3"]
[White "Kagan, Shimon"]
[Black "Andersson, Ulf"]
[Result "0-1"]
[WhiteElo "2440"]
[BlackElo "2565"]
[Annotator "JvR"]
[PlyCount "77"]
[EventDate "1977.07.??"]
[SourceDate "2013.10.27"]

1. e4 c5 2. Nf3 d6 3. d4 cxd4 4. Nxd4 a6 5. c4 g6 6. Nc3 Bg7 7. Be3 Nf6 8. Be2
O-O 9. O-O Nbd7 10. Qd2 Re8 11. f3 $5 b6 12. Rfd1 Bb7 13. Rac1 Rc8 14. Bf1 e6
15. Nc2 Bf8 16. Qf2 Qc7 17. a3 Ba8 {
Andersson occupies three ranks and lures for a chance.} 18. Nb4 Nc5 19. Nba2
Qb8 $5 20. b4 $1 Ncd7 21. Na4 Rc6 $5 {He protects his pawns.} 22. N2c3 Rec8 23.
b5 axb5 24. Nxb5 d5 $1 {Ulf counters timely.} 25. exd5 exd5 26. Nd4 Rd6 $6 ({
Preferable is} 26... Rxc4 27. Bxc4 dxc4) 27. Bf4 $1 Nh5 28. Bxd6 Bxd6 {
Kagan has gained an exchange.} 29. g4 $5 Nf4 $1 {The black pieces are active.}
30. Nb5 Be5 31. Nac3 $2 (31. cxd5 Rxc1 32. Rxc1 Bxd5 33. Nac3 {keeps a plus.})
31... Rxc4 $1 32. Ne2 $5 Rxc1 33. Nxc1 Nc5 34. Nd4 Qd6 35. Kh1 Bb7 36. Nd3 $2 {
The opportunity arrives.} ({Correct is} 36. Qd2 {
and Black has little advantage.}) 36... Ncxd3 37. Bxd3 Qc5 $1 38. Bf1 Ne6 $1
39. Qh4 {White loses a piece.} 0-1

[Event "Biel"]
[Site "10"]
[Date "1977.07.24"]
[Round "6"]
[White "Miles, Anthony"]
[Black "Lombard, Andre"]
[Result "1-0"]
[WhiteElo "2555"]
[BlackElo "2410"]
[Annotator "JvR"]
[PlyCount "57"]
[EventDate "1977.07.??"]
[SourceDate "2013.10.27"]

1. c4 e6 2. Nc3 d5 3. d4 Nf6 4. Nf3 c6 5. Qd3 c5 $5 ({Usual is} 5... dxc4 6.
Qxc4 b5) 6. cxd5 Nxd5 7. Nxd5 exd5 8. g3 $5 c4 $1 9. Qc2 Nc6 10. Bg2 g6 $5 11.
O-O Bf5 12. Qa4 Qd7 13. Bf4 a6 14. Rfe1 b5 15. Qd1 Bg7 $5 16. Ne5 Nxe5 17. dxe5
Rd8 $5 18. Qd4 $5 Qe7 $5 19. Bxd5 g5 20. e4 $1 Bh3 21. Be3 Bxe5 22. Qd2 h6 23.
Rad1 Rc8 $6 ({Preferable is} 23... O-O $1 24. f4 {(Miles)} gxf4 25. Bxf4 $1
Bxf4 26. Qxf4 Kg7) 24. Bd4 Bg4 25. f3 $1 Bxf3 26. Bxe5 Qxe5 27. Bxf7+ $1 Kxf7
$2 (27... Kf8 $5 28. Qf2 {(Miles)} Qc5 29. Qxc5+ Rxc5 30. Rd8+ Kg7 31. Rd7 {
favours White.}) 28. Qd7+ Qe7 29. Qf5+ {White gains material.} 1-0

[Event "Biel"]
[Site "10"]
[Date "1977.07.28"]
[Round "9"]
[White "Lombard, Andre"]
[Black "Panno, Oscar"]
[Result "0-1"]
[WhiteElo "2410"]
[BlackElo "2550"]
[Annotator "JvR"]
[PlyCount "66"]
[EventDate "1977.07.??"]
[SourceDate "2013.10.27"]

1. d4 Nf6 2. c4 e6 3. Nc3 Bb4 4. e3 c5 5. Bd3 Nc6 6. Nf3 Bxc3+ 7. bxc3 d6 8. e4
e5 9. d5 Ne7 10. Nh4 h6 11. f4 Ng6 12. Nxg6 fxg6 13. O-O (13. fxe5 dxe5 14. Be3
{became famous by the game Spassky - Fischer, Reykjavik 1972 (5).}) 13... O-O
14. f5 gxf5 15. exf5 Bd7 16. Rb1 $5 ({Known is} 16. a4) 16... Rb8 17. Rb2 Qa5
18. Bd2 a6 19. Qb1 $2 ({More active is} 19. Qe1 b5 20. Qg3) 19... b5 $1 {
Panno takes the initiative.} 20. cxb5 $5 axb5 21. c4 Qc7 22. Rb3 bxc4 23. Bxc4
Ba4 24. Rxb8 Rxb8 25. Qc1 $6 ({Better is} 25. Qd3 Qf7 26. Be1) 25... Bb5 $1 26.
Rd1 $5 Qd7 27. Bxb5 Rxb5 $5 28. Qc2 Qb7 29. Be1 $5 Rb2 30. Qa4 Kh7 31. Qc6 Qb8
32. Bh4 $2 Rb6 33. Qa4 Rb4 {Panno gains a piece.} 0-1

[Event "Biel"]
[Site "10"]
[Date "1977.07.29"]
[Round "11"]
[White "Torre, Eugenio"]
[Black "Miles, Anthony"]
[Result "0-1"]
[WhiteElo "2550"]
[BlackElo "2555"]
[Annotator "JvR"]
[PlyCount "68"]
[EventDate "1977.07.??"]
[SourceDate "2013.10.27"]

1. e4 c5 2. Nf3 Nc6 3. d4 cxd4 4. Nxd4 g6 5. Be2 Bg7 6. Nb3 d6 7. O-O Be6 $5 (
7... f5 8. exf5 Bxf5 {drew in Torre - Kagan (round 4).}) 8. f4 $5 Qc8 9. c4 $5
a5 10. a4 Nb4 11. N3d2 $6 ({Preferable is} 11. Nc3 $1 Bxc4 12. Be3 Nf6 13. Rc1)
11... f5 12. Kh1 $5 Nf6 13. Nc3 O-O 14. Nd5 $1 Bxd5 15. exd5 e6 16. dxe6 Qxe6
17. Bf3 Rae8 $6 ({More useful is} 17... Qf7) 18. Bxb7 Ng4 19. Bd5 $2 (19. Nb3
Qe7 20. Bd5+ Nxd5 21. Qxd5+ {achieves a plus.}) 19... Nxd5 20. cxd5 Qxd5 21.
Qb3 Qf7 $6 (21... Qxb3 22. Nxb3 Re2 $1 {wins for Black.}) 22. Qxf7+ Rxf7 23.
Nf3 Rb7 24. Re1 Rxe1+ 25. Nxe1 Nf2+ 26. Kg1 Ne4 27. Kf1 Nc5 28. Ra2 Ne4 29. Nd3
Rc7 30. Be3 Rc2 31. Ra3 Bxb2 32. Ra2 $1 Rc3 33. Nxb2 $2 (33. Ke2 $1 Ba3 34. Bb6
Bb4 35. Nxb4 axb4 36. a5 b3 37. Rb2 Rc2+ 38. Rxc2 bxc2 39. Be3 Nc5 40. Kd2 Nb3+
41. Kxc2 Nxa5 42. Kd3 {fights for a draw.}) 33... Rxe3 34. Nc4 $2 Rc3 $1 {
Tony scored well.} (34... Rc3 35. Nxa5 Rc1+ 36. Ke2 Nc3+ {gains a rook (Miles).
}) 0-1

[Event "Biel"]
[Site "10"]
[Date "1977.08.05"]
[Round "13"]
[White "Miles, Anthony"]
[Black "Robatsch, Karl"]
[Result "1-0"]
[WhiteElo "2555"]
[BlackElo "2435"]
[Annotator "JvR"]
[PlyCount "95"]
[EventDate "1977.07.??"]
[SourceDate "2013.10.27"]

1. d4 Nf6 2. c4 e6 3. Nf3 c5 4. d5 exd5 5. cxd5 d6 6. Nc3 g6 7. e4 Bg7 8. Bg5
h6 9. Bh4 O-O 10. Nd2 b6 11. Be2 Ba6 12. O-O Bxe2 $5 13. Qxe2 {
White has a pleasant game.} a6 14. a4 Re8 15. f4 Qc7 16. Rae1 $6 {
The white edge evaporates.} (16. Nc4 $1 Nbd7 17. e5 $1 {attacks in the centre.}
) 16... Nbd7 17. Kh1 Nh7 18. Bg3 Re7 $5 19. Qd3 $5 Nhf6 $6 (19... Ree8 {
restores the defence.}) 20. e5 $1 Nh5 21. e6 $5 Nxg3+ 22. Qxg3 Nf8 23. f5 $1
gxf5 24. Rxf5 Kh7 ({Or} 24... fxe6 25. dxe6 Nxe6 26. Nd5) 25. Ref1 $1 fxe6 26.
dxe6 Qd8 $5 ({The pointe is} 26... Rxe6 27. Rf7) 27. Nd5 $1 Rxe6 28. Rxf8 $1
Bxf8 29. Ne4 $2 ({Better is} 29. Qg4 Rg6 30. Qe4 {and White wins.}) 29... Rxe4
$2 (29... Kh8 $1 30. Rf7 $1 Rxe4 31. Nf6 {(Miles)} Qxf6 32. Rxf6 Bg7 {
tries to survive.}) 30. Nf6+ Qxf6 31. Rxf6 Rae8 32. h4 Kh8 33. Rg6 R4e6 34.
Qc3+ Kh7 35. Rxe6 Rxe6 36. Qd3+ Kh8 37. Qxa6 Re1+ 38. Kh2 Bg7 39. Qxb6 Be5+ 40.
Kh3 h5 41. Qd8+ Kg7 42. Qg5+ Kf8 43. Qxh5 Re3+ 44. Kg4 Rg3+ 45. Kf5 Rxg2 46.
Ke6 Kg7 47. Qf7+ Kh6 48. a5 {Miles won the tournament. The final standings
became: Miles 11/15, Andersson, Hernandez and Panno 9, Vukic, Kavalek, Torre
and Hug 81/2, Kagan 8, Wirthensohn 71/2, Robatsch 7, Partos 61/2, Lombard 51/2,
Flesch 5, Kestler 41/2, Huss 4.} 1-0

[Event "Biel"]
[Site "12"]
[Date "1979.07.27"]
[Round "1"]
[White "Sahovic, Dragutin"]
[Black "Kortschnoj, Viktor"]
[Result "0-1"]
[WhiteElo "2520"]
[BlackElo "2695"]
[Annotator "JvR"]
[PlyCount "92"]
[EventDate "1979.07.??"]
[SourceDate "2013.10.27"]

{The twelfth Internationales Schachfestival was played in Biel from 27 vii
until 10 viii 1979. No grandmaster group occurred in the previous year.
Kortschnoj was the great star.} 1. e4 e6 2. d4 d5 3. Nd2 c5 4. exd5 exd5 5.
Bb5+ Bd7 6. Qe2+ Be7 7. dxc5 Nf6 8. Nb3 O-O 9. Be3 Re8 10. Nf3 a6 11. Bd3 Ba4
12. Nfd4 Nbd7 13. O-O Bxb3 14. Nxb3 Nxc5 15. Rad1 $6 ({Preferable is} 15. Rae1
$1 Nxb3 16. axb3 Bc5 17. Qf3 $1) 15... Nxb3 16. axb3 Bc5 $1 17. Qf3 Bxe3 18.
fxe3 Qb6 19. Rde1 Re5 20. Re2 Rae8 21. Rfe1 Qe6 22. h3 h6 23. b4 Ne4 24. c3 Rf5
25. Bxe4 $5 dxe4 $5 (25... Rxf3 $5 26. Bxf3 Qc6 {also gains an advantage.}) 26.
Qg3 Rd8 27. Rf2 Qe5 28. Qxe5 Rxe5 {Black has a better endgame.} 29. g4 Rd3 30.
Ree2 f6 31. Rf1 Kf7 32. Kf2 Ke6 33. Rc1 f5 34. Kg3 $2 (34. Rf1 Red5 35. Kg3 g6
36. Rff2 {offers more resistance.}) 34... g5 $1 35. gxf5+ Rxf5 36. Kg4 Rf3 $1
37. Rce1 $6 Kf6 $1 38. h4 Rd5 $6 (38... h5+ $1 {wins for black.}) 39. c4 $6 (
39. Rg1 Kg6 40. h5+ {defends stubbornly.}) 39... h5+ $1 40. Kxh5 Rd8 41. hxg5+
Kf5 42. Kh6 Rh3+ 43. Kg7 Rd7+ 44. Kg8 Kg6 $1 45. Rf2 Rg7+ 46. Kf8 Rh8# {
Kortschnoj made a fine start.} 0-1

[Event "Biel"]
[Site "12"]
[Date "1979.07.29"]
[Round "3"]
[White "Wirthensohn, Heinz"]
[Black "Kortschnoj, Viktor"]
[Result "0-1"]
[WhiteElo "2410"]
[BlackElo "2695"]
[Annotator "JvR"]
[PlyCount "136"]
[EventDate "1979.07.??"]
[SourceDate "2013.10.27"]

1. Nf3 Nf6 2. c4 b6 3. Nc3 Bb7 4. d4 e6 5. a3 d5 6. Bg5 Be7 7. cxd5 exd5 8. e3
Nbd7 9. Bb5 c6 $5 10. Ba4 O-O 11. O-O Re8 12. Rc1 Rc8 13. Bc2 c5 14. Bf5 Ra8 $5
15. Qc2 g6 16. Bh3 Ne4 17. Bxe7 Qxe7 18. Bxd7 Qxd7 19. dxc5 Nxc5 20. b4 Ne6 21.
Rfd1 Rac8 22. Qa4 $5 {
The exchange of queens leads to equality. White loses a plus.} Qxa4 23. Nxa4 d4
$5 {Viktor delivers a temporary sacrifice.} 24. Nxd4 Nxd4 25. exd4 Bd5 26. Nc3
Bb3 27. Rf1 $5 (27. Rd3 $1 {protects the centre pawn.}) 27... Red8 28. d5 Kg7
29. g3 Rd7 30. Nb5 Rxc1 31. Rxc1 Bxd5 32. Rd1 Bc6 33. Rxd7 Bxd7 34. Nc3 $6 (34.
Nxa7 $1 Kf6 35. Kf1 Ke5 36. Ke2 Kd4 37. Kd2 g5 38. Kc2 {
looks risky but forces a draw.}) 34... Kf6 35. f4 Kf5 36. Kf2 Bc6 37. h4 f6 38.
Ke3 g5 39. hxg5 fxg5 40. fxg5 Kxg5 {
Kortschnoj has the initiative in the bishop versus knight ending.} 41. Nd1 Kg4
42. Kf2 Kf5 43. Ke3 Ke5 44. Nf2 Bd7 45. Ne4 Bh3 46. Nc3 Bf1 47. Ne4 Bg2 48. Nc3
Bc6 49. Kd3 b5 50. Ke3 a6 51. Kd3 $2 (51. Ne2 $1 Be8 52. Nf4 Bg6 53. Kf3 Be4+
54. Ke3 {forces a draw.}) 51... Be8 $1 52. Ke3 Bg6 53. a4 bxa4 54. Nxa4 Kd5 $1
55. Nb2 $1 {White will draw, if he can give his knight for the h-pawn.} Bf5 56.
Kf4 Bc2 $1 57. Ke3 $1 Bg6 $1 58. Kd2 $5 Kd4 $1 {Black is going to win a pawn.}
59. Nd1 $5 Kc4 60. Kc1 Kxb4 61. Kb2 Bf5 62. Ne3 Be6 63. Ng2 Kc4 64. Nf4 Bg4 $1
{Black will keep his h-pawn.} 65. Ka3 Kd4 66. Kb4 Ke4 67. Ka5 Kf3 68. Kxa6 Kxg3
{Kortschnoj scored his third win.} 0-1

[Event "Biel"]
[Site "12"]
[Date "1979.07.31"]
[Round "5"]
[White "Hartoch, Robert"]
[Black "Kortschnoj, Viktor"]
[Result "0-1"]
[WhiteElo "2395"]
[BlackElo "2695"]
[Annotator "JvR"]
[PlyCount "76"]
[EventDate "1979.07.??"]
[SourceDate "2013.10.27"]

1. Nf3 d5 2. g3 c5 3. Bg2 Nc6 4. d4 e6 5. O-O cxd4 6. Nxd4 Bc5 7. Nb3 Bb6 8. c4
Nge7 9. cxd5 Nxd5 10. Na3 O-O 11. Nc4 Bc7 12. a3 Qe7 13. Bd2 $5 (13. Qc2 {
drew in Eising - Ornstein, Hannover 1976.}) 13... Rd8 14. Qc2 e5 15. Rfd1 Be6
16. Ne3 Bb6 17. Nxd5 Bxd5 18. Bxd5 Rxd5 19. Bc3 Rxd1+ 20. Rxd1 Qe6 21. Nd2 Rc8
22. e3 h6 23. Qa4 Rd8 24. Ne4 $6 ({Preferable is} 24. Nf3 Rxd1+ 25. Qxd1) 24...
Nd4 $1 25. exd4 $6 (25. b4 $5 Rd5 26. Bxd4 exd4 27. Nc5 Bxc5 28. bxc5 dxe3 29.
Rxd5 exf2+ 30. Kxf2 Qxd5 31. Qxa7 {reacts quietly.}) 25... exd4 26. Qc2 $6 (26.
Ba5 Qxe4 27. Bxb6 axb6 28. Qb4 {exchanges the bishops.}) 26... f5 $1 27. Bxd4
$6 Qxe4 $1 28. Qb3+ Qd5 $1 29. Bxb6 Qxb3 30. Rxd8+ Kf7 31. Bxa7 Qxb2 32. h4 f4
33. gxf4 Qc1+ 34. Kg2 Qc7 35. Rd3 b6 36. Bxb6 Qxb6 37. Re3 Qg6+ 38. Kh3 Qg1 $1
{Kortschnoj won again.} 0-1

[Event "Biel"]
[Site "12"]
[Date "1979.08.03"]
[Round "7"]
[White "Kortschnoj, Viktor"]
[Black "Cuartas, Carlos"]
[Result "1-0"]
[WhiteElo "2695"]
[BlackElo "2425"]
[Annotator "JvR"]
[PlyCount "73"]
[EventDate "1979.07.??"]
[SourceDate "2013.10.27"]

1. d4 Nf6 2. c4 e6 3. Nc3 Bb4 4. Qc2 Nc6 5. e3 e5 6. d5 Ne7 7. Bd2 O-O 8. a3
Bxc3 9. Bxc3 d6 10. Bd3 c5 $6 ({Known is} 10... h6) 11. dxc6 {
Opening the position slightly favours White.} Nxc6 12. Ne2 Be6 13. O-O Rc8 14.
b3 d5 15. cxd5 Qxd5 16. Rab1 Qd6 17. b4 a6 18. Rfd1 Qe7 19. Qb2 Nd7 20. Qa1 f6
21. a4 Qf7 22. Rb2 Nb6 23. b5 axb5 24. Rxb5 Nc4 25. Ng3 Rfd8 26. Ne4 Rc7 27.
Nc5 Bg4 28. Rc1 Nd6 29. Rb3 Qd5 30. Be1 Kh8 $2 ({Better is} 30... e4 $1 31. Bf1
Kh8) 31. Qb1 $1 Qf7 32. a5 Bc8 33. Rbc3 Re7 $6 (33... f5 {
counters in the central area.}) 34. Qb6 Qe8 35. Ne4 Nxe4 36. Bxe4 Nb8 $2 (36...
f5 37. Bd3 Bd7 38. f3 Rb8 {prolongs the game.}) 37. Qxd8 $1 {
Kortschnoj had won his seventh encounter.} 1-0

[Event "Biel"]
[Site "12"]
[Date "1979.08.05"]
[Round "9"]
[White "Kortschnoj, Viktor"]
[Black "Unzicker, Wolfgang"]
[Result "1/2-1/2"]
[WhiteElo "2695"]
[BlackElo "2530"]
[Annotator "JvR"]
[PlyCount "97"]
[EventDate "1979.07.??"]
[SourceDate "2013.10.27"]

{So far, Kortschnoj had won eight games.} 1. d4 Nf6 2. c4 e6 3. Nc3 Bb4 4. Qc2
c5 5. e3 O-O 6. a3 Bxc3+ 7. Qxc3 b6 8. dxc5 bxc5 9. b4 d5 10. Bb2 cxb4 11. axb4
dxc4 12. Bxc4 Bb7 $5 (12... Qb6 13. Nf3 Ba6 {
drew in Kortschnoj - Browne, Buenos Aires 1979.}) 13. Nf3 Qe7 14. O-O Rc8 15.
Rfc1 Nbd7 16. Qe1 $5 a6 $5 17. Nd4 Nb6 18. Bf1 Rxc1 19. Bxc1 Nbd5 20. Ba3 Qd8
$5 21. Nb3 Bc6 22. e4 Nc7 23. Nc5 Bb5 24. Bb2 Nfe8 25. Bxb5 axb5 26. Rd1 Qc8
27. Nd7 $5 Qb7 28. h4 h6 29. Rd3 Qc6 30. Qd2 Ra2 31. Nc5 Na6 32. Rd8 Nxc5 33.
bxc5 Kh7 34. Qc2 Nf6 $5 35. e5+ $6 (35. Qb3 $1 Qc7 36. Rd1 {keeps an edge.})
35... Qe4 36. Qxe4+ Nxe4 37. c6 Rxb2 38. c7 Rb1+ 39. Kh2 Rc1 40. c8=Q Rxc8 41.
Rxc8 Nxf2 {Black has achieved a material equality in the endgame.} 42. Rc5 b4
43. Rb5 Nd3 44. Kg3 Kg6 45. Kf3 Ne1+ $5 46. Kf2 Nc2 47. Rb7 h5 48. Kf3 Ne1+ 49.
Ke2 {Kortschnoj had to accept a draw at last.} 1/2-1/2

[Event "Biel"]
[Site "12"]
[Date "1979.08.06"]
[Round "10"]
[White "Huss, Andreas"]
[Black "Kortschnoj, Viktor"]
[Result "0-1"]
[WhiteElo "2355"]
[BlackElo "2695"]
[Annotator "JvR"]
[PlyCount "56"]
[EventDate "1979.07.??"]
[SourceDate "2013.10.27"]

1. d4 Nf6 2. Nf3 e6 3. c4 b6 4. a3 c5 5. d5 Ba6 6. b3 exd5 7. cxd5 d6 $5 8. Nc3
g6 9. Bb2 Bg7 10. Qc2 O-O 11. e3 Re8 12. Rb1 $6 {White spoils a tempo.} Bxf1
13. Kxf1 Na6 14. Qd3 Nc7 15. e4 $5 b5 $1 16. b4 cxb4 17. axb4 a5 $1 {
Black has the initiative on the queenside.} 18. Ba3 axb4 19. Bxb4 Na6 20. Qxb5
Qc8 $5 {He postpones the recapture of a pawn.} 21. Qc6 $2 (21. Ba5 Rb8 22. Qc6
Rxb1+ 23. Nxb1 Nxe4 24. Nbd2 {prevents a disaster.}) 21... Nxb4 22. Rxb4 Qg4
23. Qb7 Qf4 24. Ne2 Ra1+ 25. Rb1 Qxe4 $1 26. Rxa1 Qxe2+ 27. Kg1 Ne4 $1 28. Rf1
Bd4 $1 {Kortschnoj has a mate attack.} ({The pointe is} 28... Bd4 29. Nxd4
Qxf1+ 30. Kxf1 Nd2+ 31. Kg1 Re1#) 0-1

[Event "Biel"]
[Site "12"]
[Date "1979.08.08"]
[Round "11"]
[White "Kortschnoj, Viktor"]
[Black "Hug, Werner"]
[Result "1-0"]
[WhiteElo "2695"]
[BlackElo "2460"]
[Annotator "JvR"]
[PlyCount "67"]
[EventDate "1979.07.??"]
[SourceDate "2013.10.27"]

1. d4 g6 2. c4 Bg7 3. Nc3 d6 4. Bg5 f6 $5 5. Bh4 Nh6 6. e4 e5 7. dxe5 dxe5 8.
Qxd8+ Kxd8 9. O-O-O+ Nd7 10. f4 $5 Nf7 $2 (10... exf4 $5 11. e5 $1 Nf5 12.
Bxf6+ Bxf6 13. exf6 Ne3 {battles in the central area.}) 11. fxe5 Nfxe5 12. Nf3
Nxf3 13. gxf3 c6 14. Bg3 Ke8 15. Be2 Ne5 16. f4 Nf7 17. Rhe1 h5 18. Kc2 Kf8 19.
c5 Be6 20. Bd3 Bg4 21. Rd2 Bh6 22. Rf2 Kg7 $6 (22... Re8 23. e5 h4 $1 24. Bxh4
Bxf4 25. Rxf4 Rxh4 26. Rxf6 Rxh2+ {offers more resistance.}) 23. e5 $1 Rhe8 24.
Ne4 $1 fxe5 25. fxe5 Re7 26. Nd6 $1 Nh8 27. h4 g5 $5 28. Nf5+ Bxf5 29. Rxf5 Nf7
30. Bf2 Rd8 31. e6 Nh8 32. Bg3 Ng6 33. Bd6 Ree8 34. Bc4 {The final standings
became: Kortschnoj 12/13, Wirthensohn 71/2, Partos, Sahovic and Unzicker 7,
Hartoch, Hug, Schauwecker and Toth 61/2, Cuartas and Känel 51/2, Huss 5,
Janosevic 41/2, Hammer 4. Viktor the Terrible showed his superiority.} 1-0